01062nam a2200193 a 450000100100000000500170001000800410002702000180006804000250008610000390011124501970015026001150034730000200046270000360048295201170051895201110063595201050074699900170085100004031320201002034042.0130821s2010 mx 000 0 spa d a9786070212277 aDO-SdBNPbspacBNPHU1 aFerrer Rodríguez, Eulalio94714310aAportaciones a un Estudio del Lenguaje Publicitario :bdiscurso de ingreso a la Academia Mexicana de la Lengua, 26 de febrero de 1993 /cEulalio Ferrer ; respuesta de José G. Moreno de Alba. aMéxico :bDirección General de Publicaciones y Fomento Editorial :bAcademia Mexicana de la Lengua,c2010. a55 p. ;c18 cm.1 aMoreno de Alba,José G.966601 001052708MOaGRbGRcCTd2013-08-21iLF1l0o p40313-10r2020-06-25te. 3w2020-06-25y2ZPréstamo interno 001050718MOaGRbGRcCTd2013-08-21iLF1l0o p40313-20r2020-06-25te. 2w2020-06-25y1ZNo se presta 001050718MOaGRbGRcCTd2013-08-21iLF1l0o p40313-30r2020-06-25w2020-06-25y1ZNo se presta c39803d39803